| 000 | 00865nam a2200229Ia 4500 | ||
|---|---|---|---|
| 001 | L580-26270 | ||
| 003 | IT-CnALBA | ||
| 008 | 170116s9999||||xx |||||||||||||| ||und|| | ||
| 040 |
_aIT-CnALBA _cIT-CnALBA |
||
| 041 | _aITALIANO | ||
| 100 | _aRICALDONE GUIDO | ||
| 245 | 0 | _aERBE MEDICINALI. - MESSAGGIO ANTICO E NUOVO. | |
| 250 | _a1a ed. | ||
| 260 |
_a CUNEO _bAGA - EDITRICE IL PORTICHETTO _c1981 [1° Ed.:1981 - Ed.Ling.Originale: 1981] |
||
| 300 | _a434 p. | ||
| 500 | _aCLASSIFICAZIONE DELLE ERBE MEDICINALI ED AROMATICHE PER LA SALUTE. AGLIO...ZUCCA...ETC. | ||
| 501 | _aSocietà San Paolo EM - Piazza San Paolo, 14 - 12051 ALBA (CN) (non commercial uses only) ® Copyright 2017 | ||
| 520 | _aCLASSIFICAZIONE DELLE ERBE MEDICINALI ED AROMATICHE PER LA SALUTE. AGLIO...ZUCCA...ETC. | ||
| 650 | _aBOTANICA | ||
| 942 | _cBK | ||
| 957 | _71 | ||
| 999 |
_a31057 _bNO _g Copie: 1 _c285378 _d285378 |
||